Esaú y Jacob
Gespeichert in:
| 1. Verfasser: | |
|---|---|
| Format: | Buch |
| Sprache: | Spanisch |
| Veröffentlicht: |
Santiago
Fondo de Cultura Económica
2008
|
| Ausgabe: | 1a. ed |
| Schriftenreihe: | Tierra Firme
|
| Schlagworte: | |
| Tags: |
Tag hinzufügen
Keine Tags, Fügen Sie den ersten Tag hinzu!
|
MARC
| LEADER | 00000cam a2200000 a 4500 | ||
|---|---|---|---|
| 001 | UCC4520 | ||
| 003 | CL-VaPUC | ||
| 008 | 180810e20080000cl |||||||||||||||||spa|d | ||
| 020 | |a 9789562890717 | ||
| 082 | 0 | 4 | |a B869.3 |b MAC |2 21 |
| 100 | |a Machado de Assis |e autor |q Assis, Joaquim Maria Machado de |9 598743 | ||
| 245 | 1 | 0 | |a Esaú y Jacob |
| 250 | |a 1a. ed | ||
| 300 | |a 348 p | ||
| 942 | |c BK | ||
| 945 | |d 20180810 15:16:00 |a dcastane | ||
| 260 | |a Santiago |b Fondo de Cultura Económica |c 2008 | ||
| 650 | 0 | |a Cuentos brasileños |9 268434 | |
| 650 | 7 | |a RELATOS BRASILEÑOS |2 CL-VaPUC |9 547532 | |
| 650 | 0 | |a Literatura brasileña |9 269433 | |
| 583 | |a last modification |c 20180810 15:16:00 |k Rodrigo Vera | ||
| 490 | 0 | |a Tierra Firme | |
| 999 | |c 372014 |d 372012 | ||
| 952 | |0 0 |1 0 |3 erb |4 0 |6 B_869_300000000000000_MAC_2008 |7 0 |8 A |9 489234 |a BIBEDU |b BIBEDU |i 5486491 |o B869.3 MAC 2008 |p 5486491 |r 2019-11-24 |w 2019-11-24 |y BK |z Catalogado en:20180810 |k LIT | ||